1539 1112 1529 1465 1149 1621 1654 1654 1489 1700 1177 1811 1809 1959 1176 1215 1488 1807 1826 1854 1102 1733 1245 1407 1857 1026 1547 1232 1534 1100 1176 1427 1643 1681 1505 1443 1009 1363 1564 1989 1879 1453 1852 1782 1876 1097 1196 1717 1758 1308 1933 1871 1928 1196 1003 1912 1199 1308 1050 1437 1971 1979 1058 1005 1093 1079 1064 1967 1183 1484 1347 1069 1761 1597 1466 1737 1568 1603 1410 1444 1923 1529 1474 1981 1659 1845 1860 1552 1290 1430 1182 1192 1883 1378 1404 1797 1346 1315 1822 BCNSPRNW ULIB Ver.6.0+V

เปลี่ยนเป็นภาษาไทย

Change to English
 แสดงรายละเอียดบรรณานุกรม
  กลับหน้าหลัก

Brief Record : Get Marc (ISO 2709) : E-mail record : QR code < ปิดหน้าต่าง
LEADER : 00000nam 2200000uu 4500
001    13399113466
003     ULIB
008    111121s2547||||th 000 0 tha d
020    ^a9747207761
060 04 ^aQZ140.2^bส111พ 2547
245 00 ^aพยาธิสรีรวิทยาสำหรับพยาบาล /^cบรรณาธิการ, สุดประนอมสมันตเวคิน, วรวรรณ กิ่งแก้วก้านทอง
250    ^aพิมพ์ครั้งที่ 2 (แก้ไขปรับปรุง)
260    ^aกรุงเทพฯ :^bวิทยาลัยพยาบาลสภากาชาดไทย,^c2547
300    ^a396 หน้า:^bภาพประกอบ ;^c26 ซม.
650  7 ^aการพยาบาล
650  7 ^aสรีรวิทยา
650  7 ^aออกซิเจน
650  7 ^aอีเล็คโตรลัยท์
700 0  ^aสุดประนอม สุมันตเวคิน,^eบรรณาธิการ
700 0  ^aวรวรรณ กิ่งแก้วก้านทอง,^eบรรณาธิการ
945    ^p350^l0^i13262
945    ^p350^l0^i13263
945    ^p350^l0^i13264
945    ^p350^l0^i13265
945    ^p350^l0^i13266
945    ^p350^l0^i13267
945    ^p350^l0^i13268
945    ^p350^l0^i13269
945    ^p350^l0^i13270
945    ^p350^l0^i13271
995    ^aกัณชพร
999    ^aใช้งานได้ทุกระบบ
รายการนี้ยังไม่มีแท็ก
คุณยังไม่ได้ล็อกอิน คุณสามารถมีกิจกรรมร่วมกับเว็บไซต์ได้ แต่ต้องล็อกอินก่อน ::
  ล็อกอิน

รายการสื่อสารสนเทศ

ลำดับที่ ประเภท เลขเรียก/บาร์โค้ด สถานที่ สถานะ
- ไม่พบข้อมูล -

รายการใกล้เคียง
    หัวเรื่อง [การพยาบาล]
    หัวเรื่อง [สรีรวิทยา]
    หัวเรื่อง [ออกซิเจน]
    หัวเรื่อง [อีเล็คโตรลัยท์]

BibComment


ยังไม่เคยถูกคอมเมนท์

คอมเมนท์ทรัพยากรรายการนี้
  คอมเมนท์: พยาธิสรีรวิทยาสำ..


 Copyright 2026. Bcnsprnw @Library